000
00290nam a2200109Ia 4500
008
190216s9999||||xx |||||||||||||| ||und||
100
_a
Francis Xavier
245
0
_a
Fundamentals Of Advanced Accounts
260
_b
Tata Mcgraw Hill Publishing Company Ltd
_c
1976
300
_a
1139p
942
_c
BK
999
_c
5395
_d
5395